000 00771cam a2200301 4500
008 090401t1995 xxu||||| |||| 00| 0 eng d
020 _a0471043125
035 _a(Sirsi) u54423
041 _aeng
050 _a346.730432
100 _aBrown, Curtis Maitland
245 _aBrown`s boundary control and legal principles.
250 _a4th ed.
260 _aNew York
_bJohn Wiley and Sons
_c1995
300 _aix,410p. ; 24cm.
350 _a53.95
650 _aBoundary disputes
_96221
650 _aLAND SURVEYING
650 _aLAW
650 _aLITTORAL RIGHTS
650 _aRIPARIAN RIGHTS
650 _aUNITED STATES
690 _aLAND
700 _aRobillard, Walter George
700 _aWilson, Donald A
942 _n0
948 _c04/03/1997
999 _c93471
_d93471